000 00433nam a22001817a 4500
003 OSt
008 201117b ||||| |||| 00| 0 eng d
020 _a9788176567527
082 _a004 COP
100 _aSINHA, Pradeep K.
245 _aComputer Fundamentals
250 _a8th ED.
260 _aNew Delhi
_bBPB Publications
_c2023
300 _a508
650 _aComputer Fundamentals
700 _aPriti Sinha,
942 _2ddc
_cBK
999 _c9101
_d9101